[Event "Leipzig VfB op 21st"]
[Site "Leipzig"]
[Date "2014.03.06"]
[Round "5"]
[White "Kahl, Marvin"]
[Black "Hofmann, Helge"]
[Result "0-1"]
[WhiteElo "1328"]
[BlackElo "1823"]
[PlyCount "86"]
[EventDate "2014.03.04"]
[EventType "tourn"]
[EventRounds "9"]
[EventCountry "GER"]
[SourceTitle "CBM 159 Extra"]
[Source "ChessBase"]
[SourceDate "2014.04.24"]
[SourceVersion "1"]
[SourceVersionDate "2014.04.24"]
[SourceQuality "1"]

1. e4 e5 2. Nf3 Nc6 3. d4 exd4 4. Bc4 Nf6 5. 0-0 Nxe4 6. Re1 d5 7. Bxd5 Qxd5 8. Nc3 Qc4 9. Rxe4+ Be6 10. Bg5 Bc5 11. Ne2 Qd5 12. Ng3 0-0 13. Re1 Bg4 14. Bf4 Bxf3 15. Qxf3 Qxf3 16. gxf3 Nb4 17. Red1 Bb6 18. a3 Nd5 19. Be5 c5 20. Ne4 Rfe8 21. Bd6 c4 22. Bc5 Nf4 23. Bxb6 axb6 24. Nd6 Re6 25. Nxc4 Rc8 26. b3 b5 27. Na5 b6 28. Nb7 Rb8 29. c3 Rxb7 30. cxd4 Nd5 31. Rac1 h5 32. a4 bxa4 33. bxa4 Rbe7 34. Rc8+ Kh7 35. Rd8 Nf4 36. Kf1 Re2 37. d5 Ra2 38. Re1 Rxe1+ 39. Kxe1 Rxa4 40. d6 Rd4 41. d7 Ne6 42. Rb8 Rxd7 43. Rxb6 Nd4 0-1

[Event "Leipzig VfB op 21st"]
[Site "Leipzig"]
[Date "2014.03.06"]
[Round "4"]
[White "Schulz, Stefan1111"]
[Black "Kahl, Marvin"]
[Result "1-0"]
[WhiteElo "1791"]
[BlackElo "1328"]
[PlyCount "73"]
[EventDate "2014.03.04"]
[EventType "tourn"]
[EventRounds "9"]
[EventCountry "GER"]
[SourceTitle "CBM 159 Extra"]
[Source "ChessBase"]
[SourceDate "2014.04.24"]
[SourceVersion "1"]
[SourceVersionDate "2014.04.24"]
[SourceQuality "1"]

1. e4 c6 2. d4 d5 3. exd5 cxd5 4. c4 Nf6 5. Nf3 Bf5 6. Nc3 e6 7. Bg5 Nbd7 8. cxd5 exd5 9. Bb5 Be7 10. 0-0 0-0 11. Re1 Re8 12. Bxf6 Bxf6 13. Rxe8+ Qxe8 14. Nxd5 Qd8 15. Rc1 a6 16. Bxd7 Bxd7 17. Nxf6+ Qxf6 18. Ne5 Be6 19. a3 Rd8 20. Nf3 Qf4 21. Qe1 Bd5 22. Qe3 Qf5 23. Qe5 Qxe5 24. dxe5 Bxf3 25. gxf3 Re8 26. Rc7 g6 27. f4 Rb8 28. Kg2 a5 29. Kg3 b5 30. Rc5 Kg7 31. Kg4 Rb6 32. f5 h5+ 33. Kg5 gxf5 34. Kxf5 f6 35. Rc7+ Kf8 36. exf6 b4 37. Kg6 1-0

[Event "Leipzig VfB op 21st"]
[Site "Leipzig"]
[Date "2014.03.05"]
[Round "3"]
[White "Schuetzhold, Frank"]
[Black "Kahl, Marvin"]
[Result "1-0"]
[WhiteElo "1882"]
[BlackElo "1328"]
[PlyCount "105"]
[EventDate "2014.03.04"]
[EventType "tourn"]
[EventRounds "9"]
[EventCountry "GER"]
[SourceTitle "CBM 159 Extra"]
[Source "ChessBase"]
[SourceDate "2014.04.24"]
[SourceVersion "1"]
[SourceVersionDate "2014.04.24"]
[SourceQuality "1"]

1. b3 e5 2. Bb2 Nc6 3. c4 Nf6 4. e3 Bb4 5. a3 Bc5 6. b4 Be7 7. b5 Nb8 8. Bxe5 d6 9. Bb2 Bf5 10. Nf3 Nbd7 11. Be2 0-0 12. 0-0 Nc5 13. d3 c6 14. Nd4 Bd7 15. bxc6 bxc6 16. Nc3 Ne6 17. Nf5 Rb8 18. Qc2 d5 19. Nxe7+ Qxe7 20. d4 Ne4 21. Nxe4 dxe4 22. a4 Qf6 23. Ba3 Rfe8 24. Rab1 Ng5 25. Kh1 g6 26. Bb2 h5 27. d5 Qf5 28. Qc3 f6 29. Qxf6 Qxf6 30. Bxf6 Rxb1 31. Rxb1 Nh7 32. Bd4 cxd5 33. cxd5 Bxa4 34. Rb7 Rc8 35. g3 Ng5 36. Rg7+ Kf8 37. Rxg6 Nf3 38. Bxf3 exf3 39. Rf6+ Ke7 40. Rxf3 Bb3 41. e4 Rc1+ 42. Kg2 Bc2 43. Re3 a5 44. Kf3 a4 45. Kf4 Bb3 46. Kg5 Rh1 47. h4 Rh2 48. Rc3 Bd1 49. Bc5+ Kd7 50. e5 Rh1 51. e6+ Kd8 52. d6 Re1 53. Bb6+ 1-0

[Event "Sachsen-ch U14"]
[Site "Sebnitz"]
[Date "2013.04.05"]
[Round "6"]
[White "Nguyen Dang, Lukas"]
[Black "Kahl, Marvin"]
[Result "1-0"]
[WhiteElo "1376"]
[BlackElo "1206"]
[PlyCount "73"]
[EventDate "2013.04.02"]
[EventType "swiss"]
[EventRounds "7"]
[EventCountry "GER"]
[SourceTitle "EXT 2014"]
[Source "ChessBase"]
[SourceDate "2013.11.20"]
[SourceVersion "1"]
[SourceVersionDate "2013.11.20"]
[SourceQuality "1"]

1. e4 c6 2. d4 d5 3. exd5 cxd5 4. c4 Nc6 5. Nc3 Nf6 6. h3 Bf5 7. Nf3 e6 8. Bd3 Bxd3 9. Qxd3 Be7 10. 0-0 0-0 11. a3 Na5 12. Ne5 Rc8 13. c5 b6 14. b4 Nc6 15. Nxc6 Rxc6 16. b5 Rc8 17. c6 Qc7 18. Qf3 Bd6 19. Bg5 Be7 20. Bf4 Bd6 21. Bg5 Ne8 22. Rfe1 h6 23. Bh4 Be7 24. Nxd5 exd5 25. Bxe7 Nf6 26. Bxf8 Kxf8 27. a4 Ra8 28. Qa3+ Kg8 29. Qe7 Qc8 30. Qb7 Qd8 31. Re7 Ne8 32. Rd7 Qc8 33. Re1 Nf6 34. Rxf7 Qxb7 35. Rxb7 Ne8 36. Rxe8+ Rxe8 37. c7 1-0

[Event "Sachsen-ch U14"]
[Site "Sebnitz"]
[Date "2013.04.03"]
[Round "3"]
[White "Phenn, Jan Niklas"]
[Black "Kahl, Marvin"]
[Result "1-0"]
[WhiteElo "1644"]
[BlackElo "1206"]
[PlyCount "71"]
[EventDate "2013.04.02"]
[EventType "swiss"]
[EventRounds "7"]
[EventCountry "GER"]
[SourceTitle "EXT 2014"]
[Source "ChessBase"]
[SourceDate "2013.11.20"]
[SourceVersion "1"]
[SourceVersionDate "2013.11.20"]
[SourceQuality "1"]

1. d4 d5 2. c4 c6 3. e3 Bf5 4. Nc3 Nf6 5. cxd5 cxd5 6. Qb3 Qd7 7. Bb5 Nc6 8. Nf3 e6 9. Ne5 Qc7 10. Qa4 a6 11. Nxc6 bxc6 12. Bxc6+ Nd7 13. Bxa8 Bd6 14. Bc6 Ke7 15. Bxd7 Qxd7 16. Qxd7+ Kxd7 17. f3 Bd3 18. Kd2 Bc4 19. b3 Bb5 20. Nxb5 axb5 21. Bb2 Rc8 22. Rac1 Ra8 23. a3 Bxa3 24. Bxa3 Rxa3 25. Kc3 Ra8 26. Kb2 Kd6 27. Rc5 Rb8 28. Rhc1 Rb7 29. Rc8 f6 30. h4 e5 31. dxe5+ fxe5 32. Rd1 h6 33. Rd8+ Ke6 34. R8xd5 g5 35. Rd6+ Kf5 36. g4# 1-0